[Event "XLI C.to Italiano a squadre Master"]
[Site "Senigallia ITA"]
[Date "2009.04.30"]
[Round "1"]
[White "Dvirnyy, Danyyil"]
[Black "Malloni, Marcello"]
[Result "1-0"]
[WhiteElo "2459"]
[BlackElo "2278"]
[PlyCount "69"]
[EventDate "2009.04.30"]

1. e4 e5 2. Nf3 Nc6 3. Bb5 Nf6 4. d3 Bc5 5. Bxc6 dxc6 6. h3 Qd6 7. Nbd2 Be6 8.
Ng5 Bd7 9. Nc4 Qe7 10. Nf3 Bd6 11. O-O O-O 12. Bg5 c5 13. Nfd2 h6 14. Bh4 g5
15. Bg3 Ne8 16. Nf3 f6 17. c3 Be6 18. Ne3 Ng7 19. d4 exd4 20. Bxd6 cxd6 21.
cxd4 Qf7 22. d5 Bd7 23. g4 Ne8 24. Nd2 Nc7 25. f4 Qe7 26. a4 a6 27. Qc2 b5 28.
b4 bxa4 29. bxc5 dxc5 30. Nec4 Qg7 31. Nb6 Rab8 32. Qxc5 Bb5 33. Rfc1 Rb7 34.
f5 h5 35. d6 1-0

[Event "XLI C.to Italiano a squadre Master"]
[Site "Senigallia ITA"]
[Date "2009.04.30"]
[Round "1"]
[White "Macieja, Bartlomiej"]
[Black "Di Paolo, Raffaele"]
[Result "1-0"]
[WhiteElo "2601"]
[BlackElo "2339"]
[PlyCount "71"]
[EventDate "2009.04.30"]

1. e4 e6 2. d4 d5 3. Nc3 Bb4 4. e5 c5 5. a3 Bxc3+ 6. bxc3 Ne7 7. Qg4 O-O 8. Bd3
Nbc6 9. Qh5 Ng6 10. Nf3 Qc7 11. Be3 c4 12. Bxg6 fxg6 13. Qg4 Qf7 14. Ng5 Qe8
15. h4 Rf5 16. Qe2 h6 17. Nh3 Bd7 18. g4 Rf8 19. Kd2 b5 20. h5 gxh5 21. g5 hxg5
22. Nxg5 g6 23. Rag1 Rf5 24. Nf3 Ne7 25. Nh4 Kh7 26. Nxf5 Nxf5 27. Rxg6 Qxg6
28. Rxh5+ Kg7 29. Rg5 Nxe3 30. Rxg6+ Kxg6 31. fxe3 Rf8 32. Qh2 Kg7 33. Qh4 Kf7
34. e4 Ke8 35. exd5 exd5 36. Qh6 1-0

[Event "XLI C.to Italiano a squadre Master"]
[Site "Senigallia ITA"]
[Date "2009.04.30"]
[Round "1"]
[White "Manca, Federico"]
[Black "Ferro, Mario"]
[Result "1/2-1/2"]
[WhiteElo "2373"]
[BlackElo "2224"]
[PlyCount "92"]
[EventDate "2009.04.30"]

1. e4 c5 2. c3 d6 3. d4 Nf6 4. Bd3 e5 5. Nf3 Nc6 6. d5 Ne7 7. Bb5+ Bd7 8. Bxd7+
Qxd7 9. Nbd2 g5 10. O-O Rg8 11. b4 cxb4 12. cxb4 Ng6 13. Ne1 Rc8 14. Nc2 Be7
15. a4 Nf4 16. Ne3 Bd8 17. Ba3 Bb6 18. b5 Rg6 19. Kh1 Bd4 20. Ra2 Nd3 21. Ndc4
Nc5 22. Nf5 Nfxe4 23. Nxd4 exd4 24. Qxd4 Nf6 25. b6 a6 26. Rc2 Kd8 27. Nxd6
Qxd6 28. Bxc5 Qxd5 29. Qe3 Ne4 30. Be7+ Kd7 31. Rxc8 Kxc8 32. f3 Nd2 33. Qc3+
Nc4 34. Qh8+ Kd7 35. Qd8+ Ke6 36. Re1+ Ne5 37. Qc7 Kf5 38. Bb4 Re6 39. Qc2+ Nd3
40. Rd1 Re3 41. h3 Kg6 42. Re1 Rxe1+ 43. Bxe1 Qf5 44. Bg3 Nf4 45. Qc7 Ne2 46.
Kh2 h5 1/2-1/2

[Event "XLI C.to Italiano a squadre Master"]
[Site "Senigallia ITA"]
[Date "2009.04.30"]
[Round "1"]
[White "Mauro, Alan"]
[Black "Calavalle, Giulio"]
[Result "0-1"]
[WhiteElo "2189"]
[BlackElo "2235"]
[PlyCount "88"]
[EventDate "2009.04.30"]

1. e4 c5 2. Nf3 Nc6 3. d4 cxd4 4. Nxd4 e5 5. Nxc6 bxc6 6. Bd3 Nf6 7. O-O Be7 8.
b3 O-O 9. Bb2 Qc7 10. Kh1 d5 11. Nd2 Bg4 12. Qe1 Nd7 13. f3 Be6 14. Qg3 Qd8 15.
f4 Bh4 16. Qf3 f5 17. exd5 e4 18. Qe2 cxd5 19. Bb5 Bf6 20. Bxd7 Bxd7 21. Bxf6
Qxf6 22. Rfd1 Rac8 23. Rac1 Rfd8 24. a4 Be8 25. Qf2 d4 26. Nc4 Bxa4 27. Ne5 e3
28. Qe1 Be8 29. Qb4 Qd6 30. Qa5 Qb6 31. Qa3 Bh5 32. Re1 Rc7 33. Nc4 Qc5 34. Qa6
Re8 35. Nb2 Qc6 36. Qa5 Qc5 37. Qa2 Bf7 38. Nd3 Qd6 39. Qa5 Rec8 40. Qa2 Bd5
41. c4 dxc3 42. Rxe3 c2 43. Qa4 Be4 44. Nf2 Qd2 0-1

[Event "XLI C.to Italiano a squadre Master"]
[Site "Senigallia ITA"]
[Date "2009.04.30"]
[Round "1"]
[White "Mazzilli, Piero"]
[Black "Stromboli, Carlo"]
[Result "0-1"]
[WhiteElo "2326"]
[BlackElo "2283"]
[PlyCount "126"]
[EventDate "2009.04.30"]

1. e4 e5 2. Nf3 Nc6 3. Bb5 a6 4. Ba4 Nf6 5. O-O b5 6. Bb3 Bc5 7. c3 d6 8. d4
Bb6 9. h3 Bb7 10. Re1 h6 11. Be3 O-O 12. Nbd2 Nd7 13. a4 exd4 14. Nxd4 Nc5 15.
Bd5 Ne7 16. Bxb7 Nxb7 17. axb5 Bxd4 18. Bxd4 axb5 19. Qg4 Ng6 20. Nf3 c5 21.
Be3 Na5 22. h4 Nc4 23. Rxa8 Qxa8 24. Bxh6 gxh6 25. h5 Qc8 26. Qg3 Qd8 27. hxg6
fxg6 28. b3 Nb6 29. Rd1 d5 30. exd5 Nxd5 31. Re1 Qf6 32. Qe5 Qxe5 33. Rxe5 Rf5
34. c4 Rxe5 35. Nxe5 bxc4 36. bxc4 Nb6 37. Nxg6 Nxc4 38. Kf1 Kf7 39. Nf4 Ne5
40. Ke2 Kf6 41. Nd5+ Kf5 42. f4 Ke4 43. Nf6+ Kxf4 44. Nh5+ Kg4 45. Nf6+ Kg3 46.
Kf1 c4 47. Ne4+ Kf4 48. Nc3 Ke3 49. Nd5+ Kd4 50. Nb4 Ke3 51. Nd5+ Ke4 52. Nc3+
Kd3 53. Na2 Nc6 54. Nc1+ Kd2 55. Ne2 Ne5 56. Nd4 Kd3 57. Ne2 c3 58. Nc1+ Ke3
59. Kg1 c2 60. Kh2 Kd2 61. Nb3+ Kd1 62. Kg3 Nc4 63. Kh4 Nd2 0-1

[Event "XLI C.to Italiano a squadre Master"]
[Site "Senigallia ITA"]
[Date "2009.04.30"]
[Round "1"]
[White "Napoli, Nicolo'"]
[Black "Borgo, Giulio"]
[Result "1/2-1/2"]
[WhiteElo "2353"]
[BlackElo "2440"]
[PlyCount "116"]
[EventDate "2009.04.30"]

1. g3 d5 2. Bg2 Nf6 3. d4 c6 4. Bg5 Nbd7 5. Nf3 e6 6. O-O Be7 7. Qd3 O-O 8. c4
h6 9. Bxf6 Bxf6 10. Nc3 Qe7 11. e4 dxc4 12. Qxc4 e5 13. d5 Nb6 14. Qb3 cxd5 15.
exd5 Bf5 16. Nd2 Bd3 17. Rfe1 Rac8 18. Nde4 Bc4 19. d6 Qe6 20. Qa3 Ba6 21. Rad1
Nd7 22. Nd5 Rb8 23. Qe3 Bd8 24. Qxa7 Rc8 25. Rc1 Rxc1 26. Rxc1 Qxd5 27. Nf6+
gxf6 28. Bxd5 Bb6 29. Rc7 Bxa7 30. Rxd7 Bd4 31. b4 b6 32. Rxf7 Bb5 33. d7 Rd8
34. Re7+ Kh8 35. Be6 Bc3 36. Kg2 Bxb4 37. Rf7 Bc5 38. f3 Bd3 39. Rxf6 e4 40.
fxe4 Bxe4+ 41. Kh3 Kg7 42. Rf7+ Kg6 43. Kg4 Bd6 44. h4 h5+ 45. Kh3 Bd3 46. Rf2
Bc5 47. Rf4 Be2 48. Re4 Bg4+ 49. Bxg4 hxg4+ 50. Rxg4+ Kf6 51. Rf4+ Ke5 52. Rf7
Rh8 53. g4 Ke6 54. Rg7 Ra8 55. g5 b5 56. Kg4 Be7 57. Rh7 Kd6 58. h5 Rxa2
1/2-1/2

[Event "XLI C.to Italiano a squadre Master"]
[Site "Senigallia ITA"]
[Date "2009.04.30"]
[Round "1"]
[White "Olszewski, Michal"]
[Black "Ortega, Lexy"]
[Result "1-0"]
[WhiteElo "2538"]
[BlackElo "2442"]
[PlyCount "58"]
[EventDate "2009.04.30"]

1. d4 f5 2. g3 Nf6 3. Bg2 g6 4. b3 Bg7 5. Bb2 c5 6. d5 d6 7. c4 Na6 8. Nd2 O-O
9. Nh3 Nc7 10. Nf4 Rb8 11. O-O Qe8 12. Re1 g5 13. Nd3 Qg6 14. e4 f4 15. e5 Ng4
16. Ne4 b5 17. Bc3 Ne8 18. e6 Bxc3 19. Nxc3 bxc4 20. bxc4 Nh6 21. Nb5 a6 22.
Na7 Nf6 23. Nc6 Rb7 24. Rb1 Rc7 25. gxf4 gxf4 26. Nxf4 Qg5 27. Nh3 Qh4 28. Qb3
Nh5 29. Re4 Qf6 1-0

[Event "XLI C.to Italiano a squadre Master"]
[Site "Senigallia ITA"]
[Date "2009.04.30"]
[Round "1"]
[White "Rombaldoni, Andrea"]
[Black "Arlandi, Ennio"]
[Result "1/2-1/2"]
[WhiteElo "2253"]
[BlackElo "2425"]
[PlyCount "96"]
[EventDate "2009.04.30"]

1. e4 c5 2. Nf3 e6 3. d4 cxd4 4. Nxd4 Nf6 5. Nc3 d6 6. g4 h6 7. h4 Nc6 8. g5
hxg5 9. Bxg5 a6 10. Qd2 Qb6 11. Nb3 Qc7 12. O-O-O Bd7 13. f4 O-O-O 14. Be2 Be7
15. h5 Kb8 16. Bf3 Bc8 17. Qe3 Nh7 18. Bxe7 Nxe7 19. Rhg1 g6 20. hxg6 Nxg6 21.
Bh5 Nhf8 22. Bg4 Qe7 23. Nd4 Nd7 24. Bxe6 fxe6 25. Rxg6 Qf7 26. Rdg1 Rdg8 27.
Rxg8 Rxg8 28. Rxg8 Qxg8 29. b3 Qg4 30. Nde2 Qh4 31. Qd4 Qe7 32. Qb4 Nc5 33. Kb2
Qc7 34. a4 b6 35. Qd4 Bb7 36. f5 e5 37. Qe3 Qg7 38. Qg3 Qf6 39. Qf3 Kc7 40. Ng3
Kd8 41. Qg4 Ke7 42. Nh5 Qh6 43. Ng3 Kf8 44. Qd1 Nd7 45. Nd5 Kf7 46. Nc3 Qf6 47.
Nge2 Qh6 48. b4 Ke7 1/2-1/2

[Event "XLI C.to Italiano a squadre Master"]
[Site "Senigallia ITA"]
[Date "2009.04.30"]
[Round "1"]
[White "Romero Holmes, Alfonso"]
[Black "Rombaldoni, Denis"]
[Result "0-1"]
[WhiteElo "2526"]
[BlackElo "2442"]
[PlyCount "208"]
[EventDate "2009.04.30"]

1. e4 c6 2. d4 d5 3. e5 Bf5 4. h4 h6 5. g4 Bd7 6. c3 e6 7. h5 c5 8. f4 Nc6 9.
Nf3 Qb6 10. Kf2 Rc8 11. Kg3 a6 12. Bh3 Be7 13. dxc5 Bxc5 14. Nbd2 Nge7 15. Nb3
Bf2+ 16. Kg2 Be3 17. Bxe3 Qxe3 18. Qd2 Qxd2+ 19. Nfxd2 g5 20. hxg6 Nxg6 21. Kg3
Nce7 22. Nf3 Kf8 23. Bf1 Kg7 24. Bd3 Rcf8 25. Nbd4 f6 26. exf6+ Rxf6 27. Bxg6
Nxg6 28. Ne5 Nxe5 29. fxe5 Rg6 30. Rh5 Bb5 31. Rd1 Bc4 32. a3 Rf8 33. Rhh1 Rg8
34. Rd2 Kf7 35. Rf2+ Ke7 36. Rf4 Bd3 37. Rh4 R8g7 38. Kf2 Be4 39. Kg3 Kd7 40.
Rf6 Rxf6 41. exf6 Rg6 42. f7 Ke7 43. Kf4 Kxf7 44. Ke5 Ke7 45. Rh5 Rxg4 46. Rxh6
Bg6 47. Nxe6 Re4+ 48. Kxd5 Rxe6 49. Rh2 Bf7 50. Kd4 Rd6+ 51. Ke5 Rb6 52. Kd4
Be6 53. Rf2 Rd6+ 54. Ke4 Bd7 55. Rh2 Bc6+ 56. Ke3 Kd8 57. c4 Kc7 58. Rh5 Rd1
59. Rh2 Kb6 60. Rd2 Rc1 61. Kd4 Ka5 62. b3 Ra1 63. Kc5 Rxa3 64. Rb2 Bf3 65. b4+
Ka4 66. b5 axb5 67. Rb4+ Ka5 68. Rxb5+ Ka6 69. Rb6+ Ka7 70. Rb4 Bc6 71. Rb2 Rh3
72. Ra2+ Kb8 73. Rf2 Kc7 74. Rf7+ Bd7 75. Rg7 Rh5+ 76. Kd4 Kd6 77. c5+ Kc7 78.
Kc4 Rf5 79. Kd4 Kd8 80. Kc4 Bc6 81. Kd4 Ke8 82. Rc7 Rd5+ 83. Kc4 Re5 84. Kd4
Re4+ 85. Kd3 Rh4 86. Kc3 Kd8 87. Rg7 Kc8 88. Rg8+ Kc7 89. Rg7+ Kb8 90. Rg1 Bd5
91. Rg5 Rc4+ 92. Kd3 Rxc5 93. Kd4 Rb5 94. Rxd5 Rxd5+ 95. Kxd5 Ka7 96. Kc5 Ka6
97. Kb4 Kb6 98. Kc4 Ka5 99. Kc3 Ka4 100. Kb2 Kb4 101. Kc2 Ka3 102. Kb1 Kb3 103.
Ka1 b5 104. Kb1 b4 0-1

[Event "XLI C.to Italiano a squadre Master"]
[Site "Senigallia ITA"]
[Date "2009.04.30"]
[Round "1"]
[White "Rusev, Krasimir"]
[Black "Mantovani, Renzo"]
[Result "1-0"]
[WhiteElo "2498"]
[BlackElo "2342"]
[PlyCount "70"]
[EventDate "2009.04.30"]

1. d4 Nf6 2. Bg5 e6 3. e4 c5 4. d5 d6 5. Nc3 a6 6. Nf3 Be7 7. Be2 h6 8. Bh4 O-O
9. O-O exd5 10. Bxf6 Bxf6 11. Nxd5 Re8 12. c3 Nc6 13. Qc2 b5 14. Rad1 Bb7 15.
a4 c4 16. Rfe1 g6 17. b3 cxb3 18. Qxb3 Na5 19. Qb4 Bxd5 20. Rxd5 Qc7 21. Rc1
Nc4 22. Bxc4 bxc4 23. Qxd6 Qxd6 24. Rxd6 Kg7 25. g3 Rxe4 26. Nd2 Re6 27. Rxe6
fxe6 28. Nxc4 Rb8 29. Rd1 Be7 30. Rd7 Kf8 31. Rc7 Rb2 32. Rc6 Ra2 33. Rxa6 g5
34. Rxe6 h5 35. Ne5 Rxa4 1-0

[Event "XLI C.to Italiano a squadre Master"]
[Site "Senigallia ITA"]
[Date "2009.04.30"]
[Round "1"]
[White "Salvador, Roland"]
[Black "Caruana, Fabiano"]
[Result "0-1"]
[WhiteElo "2445"]
[BlackElo "2649"]
[PlyCount "68"]
[EventDate "2009.04.30"]

1. d4 Nf6 2. Nf3 g6 3. g3 Bg7 4. Bg2 O-O 5. O-O d5 6. Nc3 Bf5 7. Nh4 Be6 8. Re1
c6 9. Bf4 Nbd7 10. Qd2 Nb6 11. b3 Rc8 12. a4 Nbd7 13. a5 c5 14. a6 bxa6 15.
Rxa6 cxd4 16. Na4 Ne4 17. Bxe4 dxe4 18. e3 dxe3 19. Qxe3 Rxc2 20. Rxe6 fxe6 21.
Qxe4 Qc8 22. Qxe6+ Rf7 23. Nf3 Nf8 24. Qe3 h6 25. Ne5 Rf5 26. Nf3 g5 27. Be5
Bxe5 28. Nxe5 Rfxf2 29. Qxf2 Rxf2 30. Kxf2 Qc2+ 31. Re2 Qxb3 32. Nc5 Qb6 33.
Ned3 Nd7 34. Re6 Nxc5 0-1

[Event "XLI C.to Italiano a squadre Master"]
[Site "Senigallia ITA"]
[Date "2009.04.30"]
[Round "1"]
[White "Shytaj, Luca"]
[Black "Zimina, Olga"]
[Result "1/2-1/2"]
[WhiteElo "2447"]
[BlackElo "2330"]
[PlyCount "40"]
[EventDate "2009.04.30"]

1. e4 e5 2. Nf3 Nc6 3. Nc3 Nf6 4. Bb5 Nd4 5. O-O a6 6. Bc4 b5 7. Bb3 d6 8. Nxd4
exd4 9. Nd5 Be6 10. d3 Be7 11. Qf3 O-O 12. Nxe7+ Qxe7 13. Bg5 h6 14. Bxf6 Qxf6
15. Qxf6 gxf6 16. c3 dxc3 17. bxc3 c5 18. f4 b4 19. cxb4 cxb4 20. Rac1 Rfc8
1/2-1/2

[Event "XLI C.to Italiano a squadre Master"]
[Site "Senigallia ITA"]
[Date "2009.04.30"]
[Round "1"]
[White "Stromboli, Ettore"]
[Black "Palac, Mladen"]
[Result "1/2-1/2"]
[WhiteElo "2301"]
[BlackElo "2571"]
[PlyCount "165"]
[EventDate "2009.04.30"]

1. e4 c5 2. Nf3 Nc6 3. d4 cxd4 4. Nxd4 Nf6 5. Nc3 d6 6. Bg5 e6 7. Qd2 a6 8.
O-O-O Be7 9. f4 Bd7 10. Nf3 b5 11. Bxf6 gxf6 12. Kb1 Qb6 13. f5 O-O-O 14. fxe6
fxe6 15. g3 Kb8 16. Bh3 Bc8 17. Qe1 Rhe8 18. Ne2 Ne5 19. Rf1 Nc4 20. Nf4 Bf8
21. Qf2 Qxf2 22. Rxf2 d5 23. Nd4 Rd6 24. exd5 e5 25. Nc6+ Rxc6 26. dxc6 exf4
27. Bd7 fxg3 28. hxg3 Re7 29. c3 Bg7 30. Rh2 h6 31. a4 Ne5 32. axb5 axb5 33.
Rd5 Nxd7 34. Rxb5+ Kc7 35. cxd7 Bxd7 36. Rc5+ Kb6 37. Rd5 Bc6 38. Rd1 f5 39.
Rf2 Be5 40. Kc1 Be4 41. Rg1 Rg7 42. Rh2 Bf4+ 43. Kd1 Be3 44. Re1 Rd7+ 45. Ke2
Rd2+ 46. Kxe3 Rxh2 47. g4 Kc5 48. gxf5 Bxf5 49. Kf4 Bd7 50. b3 Rh3 51. Re7 Kd6
52. Rh7 h5 53. c4 Be8 54. Rh6+ Ke7 55. Rb6 h4 56. c5 Rc3 57. b4 h3 58. Rh6 Bd7
59. Ke5 Rc4 60. Rh7+ Kd8 61. b5 Bxb5 62. Rxh3 Rxc5+ 63. Kd6 Rc6+ 64. Kd5 Rg6
65. Rh7 Bd7 66. Ke5 Kc7 67. Rh5 Ra6 68. Rg5 Ra2 69. Rg1 Re2+ 70. Kf4 Kd6 71.
Rd1+ Ke7 72. Rh1 Rf2+ 73. Ke5 Rf5+ 74. Ke4 Be6 75. Rh8 Ra5 76. Rh2 Bc4 77. Kf4
Kf6 78. Rh7 Bg8 79. Rh4 Ra4+ 80. Kg3 Bc4 81. Kf4 Bf7+ 82. Kg3 Ra3+ 83. Kf4
1/2-1/2

[Event "XLI C.to Italiano a squadre Master"]
[Site "Senigallia ITA"]
[Date "2009.04.30"]
[Round "1"]
[White "Vocaturo, Daniele"]
[Black "Genocchio, Daniele"]
[Result "1/2-1/2"]
[WhiteElo "2480"]
[BlackElo "2445"]
[PlyCount "80"]
[EventDate "2009.04.30"]

1. e4 e5 2. Nf3 Nc6 3. d4 exd4 4. Bc4 Nf6 5. e5 Ng4 6. O-O d6 7. exd6 Bxd6 8.
Re1+ Be7 9. h3 Nf6 10. Nbd2 O-O 11. Nb3 Bb4 12. Bd2 Qd6 13. Nfxd4 Bxd2 14. Qxd2
Ne5 15. Bf1 Bd7 16. Qg5 Rfe8 17. Rad1 Ng6 18. Nf5 Qb6 19. Bc4 Be6 20. Bxe6 Rxe6
21. Rxe6 Qxe6 22. Ne3 b6 23. a4 c5 24. Qf5 Qc6 25. Nd5 Nxd5 26. Qxd5 Qxd5 27.
Rxd5 Kf8 28. Rd7 Ke8 29. Rb7 Rd8 30. c3 Rd7 31. Rb8+ Rd8 32. Rb7 Rd7 33. Rb8+
Rd8 34. Rxd8+ Kxd8 35. Kf1 Kd7 36. Nd2 Kc6 37. Nc4 Kd5 38. Ne3+ Ke4 39. Ke2
Nf4+ 40. Kd2 g5 1/2-1/2

[Event "XLI C.to Italiano a squadre Master"]
[Site "Senigallia ITA"]
[Date "2009.04.30"]
[Round "1"]
[White "Xia, Jie"]
[Black "Parpinel, Marco"]
[Result "1-0"]
[WhiteElo "2224"]
[BlackElo "2148"]
[PlyCount "73"]
[EventDate "2009.04.30"]

1. e4 e5 2. Nf3 Nc6 3. Bb5 Nf6 4. O-O Nxe4 5. d4 Nd6 6. Bxc6 dxc6 7. dxe5 Nf5
8. Qxd8+ Kxd8 9. Rd1+ Ke8 10. Nc3 h6 11. Ne4 b6 12. c4 Be6 13. b3 Rd8 14. Bb2
Rd7 15. h3 c5 16. g4 Ne7 17. Kh2 Kd8 18. Nh4 g5 19. Nf5 Ng6 20. Nf6 Rxd1 21.
Rxd1+ Kc8 22. Kg3 Ne7 23. Nxe7+ Bxe7 24. h4 gxh4+ 25. Kxh4 h5 26. g5 Bxf6 27.
exf6 Bf5 28. Re1 Rd8 29. Re5 Bb1 30. f4 Rd2 31. f5 Rf2 32. g6 Rf4+ 33. Kxh5
fxg6+ 34. Kxg6 Rg4+ 35. Kh5 Rg8 36. f7 Rd8 37. Re8 1-0

[Event "XLI C.to Italiano a squadre Master"]
[Site "Senigallia ITA"]
[Date "2009.04.30"]
[Round "2"]
[White "Aranovitch, Emiliano"]
[Black "Napoli, Nicolo'"]
[Result "1/2-1/2"]
[WhiteElo "2376"]
[BlackElo "2353"]
[PlyCount "180"]
[EventDate "2009.04.30"]

1. e4 g6 2. d4 Bg7 3. Nc3 c6 4. Nf3 d5 5. h3 Nf6 6. Bd3 O-O 7. O-O b6 8. Re1
Bb7 9. Qe2 e6 10. Bg5 Qc8 11. Rad1 c5 12. exd5 exd5 13. Qe3 Nbd7 14. Bh6 Re8
15. Qf4 Nh5 16. Qd2 a6 17. Bxg7 Kxg7 18. Rxe8 Qxe8 19. Re1 Qd8 20. Bf1 Nhf6 21.
Qf4 Ne4 22. Nxe4 dxe4 23. Ng5 Qf6 24. Qc7 Qc6 25. Qxc6 Bxc6 26. Nxe4 Re8 27. d5
Bxd5 28. Rd1 Bxe4 29. Rxd7 b5 30. Rd2 Bf5 31. a4 Re1 32. axb5 axb5 33. f3 Rb1
34. g4 Be6 35. b3 c4 36. Kf2 cxb3 37. cxb3 Rxb3 38. Rd6 Kf6 39. Rb6 b4 40. Bc4
Rb2+ 41. Ke3 Rb1 42. f4 Re1+ 43. Kf2 Re4 44. Bxe6 fxe6 45. Kf3 Rc4 46. Rb7 h6
47. h4 g5 48. fxg5+ hxg5 49. h5 Rc3+ 50. Kg2 b3 51. h6 Kg6 52. h7 Rc8 53. Kf3
Rh8 54. Rxb3 Rxh7 55. Rb5 Rh3+ 56. Kg2 Rd3 57. Rb8 Kf6 58. Rg8 Rd5 59. Kf3 Kf7
60. Ra8 Rd3+ 61. Kf2 Ke7 62. Rg8 Rd5 63. Kf3 Ra5 64. Rg7+ Kf6 65. Rg8 Ra3+ 66.
Kf2 Ra7 67. Kf3 Rg7 68. Ra8 Rf7 69. Kg3 Kg7 70. Ra5 Kg6 71. Ra6 Kf6 72. Ra5 Rd7
73. Kf3 Rd3+ 74. Kf2 Rd5 75. Ra1 Ke5 76. Re1+ Kd6 77. Ra1 Ke5 78. Re1+ Kf4 79.
Rxe6 Rd2+ 80. Kg1 Kxg4 81. Re3 Kf4 82. Ra3 Re2 83. Rb3 Re3 84. Rxe3 Kxe3 85.
Kg2 Kf4 86. Kf2 g4 87. Kg2 g3 88. Kg1 Kf3 89. Kf1 g2+ 90. Kg1 Kg3 1/2-1/2

[Event "XLI C.to Italiano a squadre Master"]
[Site "Senigallia ITA"]
[Date "2009.04.30"]
[Round "2"]
[White "Bellini, Fabio"]
[Black "Godena, Michele"]
[Result "1/2-1/2"]
[WhiteElo "2486"]
[BlackElo "2538"]
[PlyCount "31"]
[EventDate "2009.04.30"]

1. e4 e5 2. Nf3 Nc6 3. Bc4 Bc5 4. d3 Nf6 5. O-O O-O 6. Bb3 d6 7. c3 a6 8. Bg5
h6 9. Bh4 g5 10. Bg3 Kg7 11. d4 Ba7 12. Nbd2 Bg4 13. dxe5 Nxe5 14. Bxe5 dxe5
15. h3 Bxf3 16. Nxf3 1/2-1/2

[Event "XLI C.to Italiano a squadre Master"]
[Site "Senigallia ITA"]
[Date "2009.04.30"]
[Round "2"]
[White "Bentivegna, Francesco"]
[Black "Di Paolo, Raffaele"]
[Result "1-0"]
[WhiteElo "2326"]
[BlackElo "2339"]
[PlyCount "79"]
[EventDate "2009.04.30"]

1. e4 e6 2. d4 d5 3. Nc3 Bb4 4. exd5 exd5 5. Bd3 Nc6 6. a3 Ba5 7. Be3 Nf6 8.
Nge2 O-O 9. O-O h6 10. h3 Re8 11. Ng3 Bxc3 12. bxc3 Ne4 13. Qf3 Nxc3 14. Rfe1
Be6 15. Nh5 Ne4 16. Bxe4 dxe4 17. Qg3 g6 18. Bxh6 Nxd4 19. Bg5 Nf5 20. Qf4 Qd6
21. Nf6+ Kg7 22. Nxe8+ Rxe8 23. Rad1 Qc5 24. Qxe4 f6 25. Be3 Qb5 26. Qb4 Qa6
27. Qc5 c6 28. Qxa7 Qxa7 29. Bxa7 Kf7 30. Bc5 g5 31. a4 Rg8 32. Rb1 Bc8 33. f3
Kg6 34. Rbd1 Rh8 35. Bb6 Rh7 36. Rd8 Bd7 37. Rb8 Nh4 38. Bf2 Bf5 39. c3 Bd3 40.
Ree8 1-0

[Event "XLI C.to Italiano a squadre Master"]
[Site "Senigallia ITA"]
[Date "2009.04.30"]
[Round "2"]
[White "Caruana, Fabiano"]
[Black "Rusev, Krasimir"]
[Result "1-0"]
[WhiteElo "2649"]
[BlackElo "2498"]
[PlyCount "161"]
[EventDate "2009.04.30"]

1. e4 e6 2. d4 d5 3. Nc3 Bb4 4. e5 c5 5. a3 Bxc3+ 6. bxc3 Qa5 7. Bd2 Qa4 8. Qb1
c4 9. Ne2 Nc6 10. Ng3 Bd7 11. Nh5 g6 12. Ng3 O-O-O 13. Be2 Nge7 14. Qc1 Kb8 15.
O-O h5 16. h4 Nf5 17. Bg5 Rc8 18. Bf3 Qa5 19. Ne2 Qa4 20. Qd2 Ka8 21. g3 Nb8
22. Bg2 Qa5 23. Bf6 Rh7 24. Nf4 Ba4 25. Nh3 Nd7 26. Ng5 Nxf6 27. exf6 Rhh8 28.
Nxf7 Rhf8 29. Ne5 Rxf6 30. Rfb1 Nd6 31. Rb4 Rcf8 32. f4 Rc8 33. Qc1 Rc7 34.
Rab1 Kb8 35. Kh2 Kc8 36. Qd2 Kb8 37. Re1 Ka8 38. Bf3 Kb8 39. Reb1 Ka8 40. Qc1
Kb8 41. Qb2 Qa6 42. Re1 Ka8 43. Bg2 Kb8 44. Qc1 Ka8 45. Qd2 Kb8 46. Qc1 Ka8 47.
Nf3 Bd7 48. Ng5 Kb8 49. a4 Nf5 50. Bh3 Qd6 51. Bxf5 Rxf5 52. a5 Bc8 53. Nf3 Rc6
54. Ne5 Ra6 55. Rb5 Bd7 56. Rc5 b6 57. Qb2 Be8 58. Qb4 Kb7 59. axb6 Rxb6 60.
Qa3 a6 61. Ra1 Rf6 62. Qa2 Qd8 63. Rb1 Bb5 64. Kg2 Qe8 65. Qa5 Rf5 66. Qa3 Rf6
67. Re1 Qd8 68. Nf3 Qd7 69. Ra1 Kb8 70. Ne5 Qb7 71. Qc1 Ka7 72. Nf3 Be8 73. Qe3
Rf5 74. Ne5 Rf6 75. Qc1 Kb8 76. Qa3 Bb5 77. Qa5 Be8 78. Qa3 Bb5 79. Rb1 Qg7 80.
Nc6+ Kb7 81. Rbxb5 1-0

[Event "XLI C.to Italiano a squadre Master"]
[Site "Senigallia ITA"]
[Date "2009.04.30"]
[Round "2"]
[White "Collutiis, Duilio"]
[Black "Amato, Andrea"]
[Result "0-1"]
[WhiteElo "2451"]
[BlackElo "2261"]
[PlyCount "74"]
[EventDate "2009.04.30"]

1. e4 e6 2. d4 d5 3. Nc3 Nf6 4. Bg5 dxe4 5. Nxe4 Be7 6. Bxf6 Bxf6 7. Nf3 Nd7 8.
Qe2 O-O 9. O-O-O Be7 10. g3 c5 11. Bg2 Qc7 12. Rhe1 cxd4 13. Nxd4 Nf6 14. Kb1
Bd7 15. Ng5 Rac8 16. f4 Bc5 17. Ngf3 Qb6 18. Nb3 Bb5 19. c4 Ba4 20. Rd3 Bb4 21.
Rc1 Nd7 22. Ne5 Nxe5 23. Qxe5 Qa6 24. a3 Be7 25. Bf1 Bf6 26. Qe1 Rxc4 27. Nc5
Rxc1+ 28. Qxc1 Qc6 29. Nxa4 Qxa4 30. Bg2 Qb5 31. Qc2 b6 32. Be4 g6 33. h4 Kg7
34. Ka2 Rc8 35. Qb3 Qc5 36. Rd1 Qf2 37. Bb1 Rc3 0-1

[Event "XLI C.to Italiano a squadre Master"]
[Site "Senigallia ITA"]
[Date "2009.04.30"]
[Round "2"]
[White "Delorme, Axel"]
[Black "Efimov, Igor"]
[Result "1-0"]
[WhiteElo "2394"]
[BlackElo "2439"]
[PlyCount "73"]
[EventDate "2009.04.30"]

1. e4 e5 2. Nf3 Nc6 3. Bb5 a6 4. Ba4 Nf6 5. O-O b5 6. Bb3 Be7 7. Re1 d6 8. c3
O-O 9. h3 Rb8 10. d4 a5 11. Nbd2 a4 12. Bc2 Nd7 13. d5 Na5 14. b4 axb3 15. axb3
c5 16. Nf1 g6 17. Bh6 Re8 18. Qd2 Qc7 19. c4 Bd8 20. Ne3 bxc4 21. bxc4 Rb4 22.
Qc3 Nb7 23. Ba4 Qb8 24. Nc2 Ba5 25. Nxb4 Bxb4 26. Qe3 Bxe1 27. Rxe1 f6 28. Nh2
Re7 29. Ng4 Rf7 30. f4 Nb6 31. Be8 Bxg4 32. Bxf7+ Kxf7 33. hxg4 Nxc4 34. Qc3
Nba5 35. fxe5 Qb4 36. e6+ Ke7 37. Bf8+ 1-0

[Event "XLI C.to Italiano a squadre Master"]
[Site "Senigallia ITA"]
[Date "2009.04.30"]
[Round "2"]
[White "Dvirnyy, Danyyil"]
[Black "Rombaldoni, Axel"]
[Result "0-1"]
[WhiteElo "2459"]
[BlackElo "2363"]
[PlyCount "90"]
[EventDate "2009.04.30"]

1. e4 c5 2. Nf3 Nc6 3. d4 cxd4 4. Nxd4 Nf6 5. Nc3 d6 6. Bc4 Bd7 7. f3 Nxd4 8.
Qxd4 g6 9. Bg5 Bg7 10. Qd2 O-O 11. O-O-O b5 12. Bxb5 Bxb5 13. Nxb5 Qb6 14. Nd4
Rfb8 15. c3 Nd7 16. Kb1 Ne5 17. Qe2 Qc7 18. Ka1 Nc4 19. b3 Na5 20. Qd3 Bxd4 21.
cxd4 Nxb3+ 22. axb3 Qa5+ 23. Kb2 Qxg5 24. Qd2 Qb5 25. Qd3 Qg5 26. Qd2 Qb5 27.
Qd3 Qd7 28. Ra1 a5 29. Qc4 Rb5 30. Rhc1 Rab8 31. Ra3 Rb4 32. Qc6 Qe6 33. Qd5
Qf6 34. Rd1 a4 35. Rd3 Qh4 36. Qc6 Qxh2 37. Qc2 Qg1 38. Qd2 h5 39. e5 axb3 40.
exd6 exd6 41. Rdxb3 Rxb3+ 42. Rxb3 Ra8 43. Ra3 Rb8+ 44. Rb3 Ra8 45. Ra3 Re8 0-1

[Event "XLI C.to Italiano a squadre Master"]
[Site "Senigallia ITA"]
[Date "2009.04.30"]
[Round "2"]
[White "Ferro, Mario"]
[Black "Salvetti, Alec"]
[Result "1-0"]
[WhiteElo "2224"]
[BlackElo "2304"]
[PlyCount "85"]
[EventDate "2009.04.30"]

1. d4 e6 2. Nf3 c5 3. c4 cxd4 4. Nxd4 a6 5. Nc3 Nf6 6. e3 Qc7 7. Be2 Nc6 8. O-O
Be7 9. b3 d6 10. Bb2 Bd7 11. f4 Nxd4 12. exd4 O-O 13. a4 Rfe8 14. Bf3 d5 15.
cxd5 Qxf4 16. dxe6 Bxe6 17. Bxb7 Qe3+ 18. Kh1 Rab8 19. Bxa6 Rxb3 20. Rf3 Qg5
21. Bc1 Qa5 22. d5 Rxc3 23. dxe6 Rxc1 24. Rxc1 Qxa6 25. exf7+ Kxf7 26. Rfc3 Qe6
27. Rc6 Qe3 28. R6c3 Qe5 29. Qb3+ Kf8 30. Rc7 Rd8 31. h3 h6 32. Qc4 Rd5 33.
Rc8+ Kf7 34. Rc7 Kg6 35. Qc2+ Kg5 36. Rf1 Ne4 37. h4+ Kg6 38. Rc4 Rd4 39. Rxd4
Qxd4 40. Rf4 Qa1+ 41. Kh2 Bd6 42. Qxe4+ Kh5 43. Qf5+ 1-0